[Event "FRA-ch U10"]
[Site "Le Grand Bornand"]
[Date "2007.04.??"]
[Round "1"]
[White "Roubaud, Alexandre"]
[Black "Sely, Anthony"]
[Result "1-0"]
[WhiteElo "1821"]
[BlackElo "1550"]
[PlyCount "39"]
[EventDate "2007.04.07"]
[EventType "swiss"]
[EventRounds "9"]
[EventCountry "FRA"]
[SourceTitle "CBM 118 Extra"]
[Source "ChessBase"]
[SourceDate "2007.07.04"]
[SourceVersion "1"]
[SourceVersionDate "2007.07.04"]
[SourceQuality "1"]

1. e4 e5 2. Nf3 Nc6 3. d4 exd4 4. Nxd4 Bc5 5. Be3 Qf6 6. c3 b6 7. Bc4 Nxd4 8. Bxd4 Bxd4 9. cxd4 Bb7 10. Nc3 Qe7 11. 0-0 Nf6 12. e5 Ne4 13. Nd5 Qd8 14. Qg4 Ng5 15. f4 Ne6 16. f5 h5 17. Qg3 Nxd4 18. Qxg7 Rf8 19. Nf6+ Ke7 20. Nh7 1-0